000 01325nam a22003737a 4500
003 CHAP
005 20220329140837.0
008 971013s1994 ne a r 10010 eng d
010 _a58491
011 _a59463
035 _a63621
040 _cCHAP
082 0 4 _a633.2
_bE83 1993
111 0 0 _aEucarpia Fodder Crops Section Meeting (
_n18
_d: 1993
_c: Loen, Norway)
_938824
245 1 _aBreeding fodder crops for marginal conditions
_b: proceedings of ...
260 _aDordrecht :
_bKluwer,
_c1994
300 _a329 p.
_b: ilus.
490 _aDevelopments in plant breeding
_v; 2
590 _aBATCH-UPD
_b10
_c20130110
_lUCH01
_h0439
590 _aBATCH-UPD
_b10
_c20130110
_lUCH01
_h2243
590 _aBATCH-UPD
_b10
_c20130410
_lUCH01
_h0114
590 _aBATCH-UPD
_b10
_c20130914
_lUCH01
_h1158
590 _aCONVERSION
_b10
_c20130109
_lUCH01
_h1331
650 1 4 _aPlantas forrajeras
_xGermoplasma.
_988966
650 1 4 _aPlantas forrajeras
_xMejoramiento.
_988971
650 1 4 _aRecursos genéticos.
_995078
700 0 _aRognli, O. A.
_eed
_999080
700 0 _aSchjelderup, I.
_eed
_9103023
700 0 _aSolberg, E.
_eed
_9108385
830 0 _aDevelopments in plant breeding
_v; 2
_932296
901 _aBK
942 _cLIBRO
949 _a633.2 E83 1993
_bBC
_cLIBRO
_d33724000082160
_eLIBRO
_gI.180439
_h89870
_i63621
_si
_t1013.00
999 _c58491
_d58491